00572 a2200145 4500020002200000082002000022082002100042100001600063245014700079260006600226300003600292650002700328650003800355650003300393 a0750667222 (pbk.) a620.0015182 AKI04a620.0015182bAKI aAkin, J. E. aFinite element analysis with error estimators :ban introduction to the FEM and adaptive error analysis for engineering students /cJ.E. Akin. aAmsterdam ;aBoston :bElsevier/Butterworth-Heinemann,c2005. axviii, 447 p. :bill. ;c25 cm. aFinite element method. aStructural analysis (Engineering) aError analysis (Mathematics)